赤坂5丁目ミニマラソン 優勝者 - Statistics

General Stats
  • This quiz has been taken 3 times
  • The average score is 7 of 47
Answer Stats
Answer % Correct
猫ひろし
67%
森渉
67%
佐野岳
67%
K
67%
間寛平
33%
鈴木正幸
33%
森脇健児
33%
エリック・ワイナイナ
33%
ハリー杉山
33%
上田竜也
33%
モハメド・ファラー
33%
三遊亭遊子
33%
菅田琳寧
33%
小島よしお
33%
佐野文哉
33%
森本裕介
33%
増田明美
0%
石田純一
0%
渡嘉敷勝男
0%
野々村真
0%
みのもんた
0%
織田無道
0%
そのまんま東
0%
ワレンティナ・エゴロワ
0%
橋本志穂
0%
泉川正幸
0%
木下明水
0%
リディア・シモン
0%
飯田覚士
0%
谷川真理
0%
リビュー・シモン
0%
西野亮廣
0%
水内猛
0%
バンデルレイ・デ・リマ
0%
山本裕典
0%
アントニオ小猪木
0%
山本優弥
0%
蕨野友也
0%
なかやまきんに君
0%
ビダン・カロキ
0%
宇野けんたろう
0%
下田裕太
0%
ウィルソン・キプサング・キプロティチ
0%
澤井一希
0%
藤光謙司
0%
岸本大紀
0%
設楽悠太
0%
No matching quizzes found
Score Distribution
Percent of People with Each Score
Percentile by Number Answered
Your Score History
You have not taken this quiz